1474 1371 1831 1944 1742 1978 1598 1461 1818 1684 1958 1949 1560 1379 1693 1183 1286 1459 1223 1081 1498 1673 1908 1828 1266 1795 1249 1670 1477 1340 1783 1335 1078 1185 1198 1266 1327 1793 1072 1959 1132 1563 1496 1191 1282 1143 1054 1133 1274 1434 1586 1168 1640 1147 1581 1051 1860 1095 1848 1329 1818 1194 1952 1004 1646 1697 1139 1145 1826 1491 1398 1119 1156 1613 1502 1133 1415 1192 1655 1591 1636 1534 1153 1554 1971 1385 1588 1626 1720 1748 1181 1542 1209 1962 1932 1166 1842 1342 1378 BCNSPRNW ULIB Ver.6.0+V

เปลี่ยนเป็นภาษาไทย

Change to English
 แสดงรายละเอียดบรรณานุกรม
  กลับหน้าหลัก

Brief Record : Get Marc (ISO 2709) : E-mail record : QR code < ปิดหน้าต่าง
LEADER : 00000nam 2200000uu 4500
001    13399115178
003     ULIB
008    120718s2551||||th 000 0 tha d
020    ^a9789740921547
060 04 ^aWM105^bป525 2551
245 10 ^aปัญหาจิต ปัญหาใจ ปัญหาเด็ก--เด็ก--ปัญหาผู้ใหญ่แก้ไขได้ด้วยตัวคุณ / ^cคณะแพทยศาสตร์ จุฬาลงกรณ์มหาวิทยาลัย ; บรรณาธิการ ภุชงค์ เหล่ารุจิสวัสดิ์... [และคนอื่นๆ]
246 30 ^aปัญหาจิต ปัญหาใจปัญหาเด็ก..เด็ก..ปัญหาผู้ใหญ่แก้ไขได้ด้วยตัวคุณ
250    ^aพิมพ์ครั้งที่ 2
260    ^aกรุงเทพฯ :^bสรรพสาร,^c2551
300    ^a102 หน้า :^bภาพประกอบ ;^c21 ซม.
440  0 ^aความรู้ทางการแพทย์สู่ประชาชน
650  7 ^aสุขภาพจิต ^xรวมเรื่อง
650  7 ^aสุขภาพจิต ^xในวัยเด็ก
650  7 ^aสุขภาพจิต ^xในวัยผู้ใหญ่
700 0  ^aภุชงค์ เหล่ารุจิสวัสดิ์,^eบรรณาธิการ
710 2  ^aจุฬาลงกรณ์มหาวิทยาลัย^bคณะแพทยศาสตร์
945    ^p90^l0^i16151
995    ^aกัณชพร
999    ^aใช้งานได้ทุกระบบ
รายการนี้ยังไม่มีแท็ก
คุณยังไม่ได้ล็อกอิน คุณสามารถมีกิจกรรมร่วมกับเว็บไซต์ได้ แต่ต้องล็อกอินก่อน ::
  ล็อกอิน

รายการสื่อสารสนเทศ

ลำดับที่ ประเภท เลขเรียก/บาร์โค้ด สถานที่ สถานะ
1. วิทยาศาสตร์การแพทย์ และสุขภาพ
วิทยาศาสตร์การแพทย์ และสุขภาพ
WM105 ป525 2551  
  Barcode: 16151
ห้องสมุดวิทยาเขตสวรรค์ประชารักษ์
►ส่วนจัดเก็บหนังสือเก่า สปร
บนชั้น
  ขอยืม

BibComment


ยังไม่เคยถูกคอมเมนท์

คอมเมนท์ทรัพยากรรายการนี้
  คอมเมนท์: ปัญหาจิต ปัญหาใจ..


 Copyright 2026. Bcnsprnw @Library